Wszystkie państwa które na fladze mają tylko 2 kolory - Statystyki

Ogólne statystyki
  • Ten quiz został rozwiązany 891 razy
  • Średni wynik to 22 z 37
Statystyki odpowiedzi
Kontynent Państwo % Poprawnych
Europa Polska
99%
Ameryka Północna Kanada
84%
Europa Szwecja
84%
Europa Ukraina
84%
Europa Finlandia
82%
Azja Japonia
81%
Europa Monako
81%
Azja Chiny
79%
Europa Dania
77%
Europa Grecja
75%
Azja Indonezja
75%
Europa Austria
74%
Europa Szwajcaria
69%
Azja Turcja
68%
Europa Albania
67%
Europa Łotwa
66%
Europa Macedonia
60%
Azja Arabia Saudyjska
59%
Azja Kazachstan
59%
Afryka Maroko
57%
Azja Wietnam
54%
Azja Izrael
53%
Afryka Tunezja
52%
Azja Bangladesz
50%
Azja Gruzja
49%
Azja Katar
49%
Azja Pakistan
48%
Afryka Nigeria
44%
Ameryka Północna Honduras
43%
Oceania Palau
43%
Azja Singapur
43%
Azja Bahrajn
42%
Azja Kirgistan
42%
Afryka Somalia
39%
Oceania Mikronezja
38%
Oceania Tonga
34%
Afryka Mauretania
25%
Nie znaleziono quizów pasujących do podanych kryteriów
Rozkład punktacji
Procent ludzi z każdym wynikiem
Percentyl według liczby udzielonych odpowiedzi
Twoja historia wyników
Nie rozwiązałeś tego quizu